000
00330nam a22001457a 4500
008
230921b ||||| |||| 00| 0 eng d
020
_a
9780521419833
041
_a
eng
080
_a
521
082
_a
521HAR
100
_a
19
101
_a
ASTRO
245
_a
THE CHEMICALLU CONTROLLED COSMOS
_c
HARTQUIST.W.T
942
_2
udc
_c
BK
999
_c
60384
_d
60384